The noble scholar, jurist, historian


 His Excellency Dr. Abdul Wahhab bin Ibrahim Abu Sulaiman, may Allah have mercy on him.


 He was born in Umm Al-Qura in the year 1356 AH.

هذا مجلس في ذكر يوم عرفة وعيد النحر (Record no. 14809)

MARC details
000 -LEADER
fixed length control field 01327cam a22002651i 4500
003 - CONTROL NUMBER IDENTIFIER
control field OSt
005 - DATE AND TIME OF LATEST TRANSACTION
control field 20260419121533.0
008 - FIXED-LENGTH DATA ELEMENTS--GENERAL INFORMATION
fixed length control field 260415s2017 su g 000 0 ara c
020 ## - INTERNATIONAL STANDARD BOOK NUMBER
International Standard Book Number 9786038219201
040 ## - CATALOGING SOURCE
Original cataloging agency SA-JeALM
Language of cataloging ara
Transcribing agency SA-RiAUC
Modifying agency KAC
Description conventions rda
082 04 - DEWEY DECIMAL CLASSIFICATION NUMBER
Classification number 252.5
Assigning agency SA-RiAUC
090 ## - LOCALLY ASSIGNED LC-TYPE CALL NUMBER (OCLC); LOCAL CALL NUMBER (RLIN)
Classification number (OCLC) (R) ; Classification number, CALL (RLIN) (NR) 252.5
Local cutter number (OCLC) ; Book number/undivided call number, CALL (RLIN) ع ب د ل
100 1# - MAIN ENTRY--PERSONAL NAME
Personal name عبدالله الملا، عبدالله بن ابو بكر الملا الإحسائي
Dates associated with a name 1243 -ى1309 هـ
Relator term مؤلف.
245 10 - TITLE STATEMENT
Title هذا مجلس في ذكر يوم عرفة وعيد النحر
Remainder of title ويليه دعاء آخر نهار يوم عرفة لوالده الشيخ ابو بكر الملا 1198 - 1270 هـ
Statement of responsibility, etc. للشيخ عبدالله ابن الشيخ أبي بكر الملا الإحسائي، اعتنى بهما حمد ابن الشيخ أحمد الملا
246 ## - VARYING FORM OF TITLE
Title proper/short title ذكر يوم عرفة وعيد النحر
264 #1 - PRODUCTION, PUBLICATION, DISTRIBUTION, MANUFACTURE, AND COPYRIGHT NOTICE
Place of production, publication, distribution, manufacture الرياض ؛
-- عمان. الاردن :
Name of producer, publisher, distributor, manufacturer دار عمار.
Date of production, publication, distribution, manufacture, or copyright notice 1998
300 ## - PHYSICAL DESCRIPTION
Extent 91 صفحة ؛
Dimensions 14 سم.
336 ## - CONTENT TYPE
Content type term نص
Content type code txt
Source rdacontent
Materials specified كتاب
337 ## - MEDIA TYPE
Media type term بدون وسيط
Media type code n
Source rdamedia
650 #7 - SUBJECT ADDED ENTRY--TOPICAL TERM
Topical term or geographic name entry element الحج (فقه إسلامي)
Source of heading or term aucsh
650 ## - SUBJECT ADDED ENTRY--TOPICAL TERM
Topical term or geographic name entry element الأدعية والأوراد
700 ## - ADDED ENTRY--PERSONAL NAME
Personal name حمد الملا، حمد بن الشيخ احمد.
Relator term محقق.
942 ## - ADDED ENTRY ELEMENTS (KOHA)
Source of classification or shelving scheme Dewey Decimal Classification
Koha item type Books
Suppress in OPAC No
949 ## - LOCAL PROCESSING INFORMATION (OCLC)
a SA-JeALM
d 260415
u osman123
n 1
Holdings
Withdrawn status Lost status Source of classification or shelving scheme Damaged status Not for loan Home library Current library Date acquired Total checkouts Full call number Barcode Date last seen Price effective from Koha item type
    Dewey Decimal Classification     DR AbdElwahab Library DR AbdElwahab Library 04/19/2026   252.5 ع ب د ل 000023403 04/19/2026 04/19/2026 Books